000 00795nas a2200265 4500
001 BR0103748
003 BR-BrBNA
005 20231205102351.0
007 ta
008 230509b bl.|||p| |||| 00| 00por d
040 _aBR-BrBNA
_bpor
_cBiblioteca Nacional de Agricultura
041 _a(En)
072 _aF30
100 1 _aMenezes, C.B. de
100 1 _aPinto, C.A.B.P.
100 1 _aLambert, E. de S.
245 1 _aCombining ability of potato genotypes for cool and warm seasons in Brazil
650 _aBatata
650 _aGenotipo
650 _aCalor
650 _aCruzamento Vegetal
773 0 _tCrop Breeding and Applied Biotechnology (Brazil)
_xISSN 1518-7853
_g(Jun 2001), v. 1(2) p. 145-157
_wBR0103748
909 _a202311
_bLúcia
_c55
_dLúcia Elande
942 _2AGRIS
_n0
_cANA
999 _c167213
_d167213